Statistics for Tropic of Capricorn Countries

Click here to take the quiz!

General Stats

  • This quiz has been taken 15,529 times
  • The average score is 8 of 10

Answer Stats

Country % Correct
Chile
96%
Argentina
95%
Australia
92%
Brazil
91%
South Africa
87%
Paraguay
80%
Namibia
79%
Madagascar
77%
Mozambique
76%
Botswana
73%

Score Distribution

Percentile by Number Answered

Percent of People with Each Score

Your Score History

You have not taken this quiz